| 000 | 00507pab a2200181 454500 | ||
|---|---|---|---|
| 008 | 180718b2017 xxu||||| |||| 00| 0 eng d | ||
| 100 | _aEwart, Jacqui | ||
| 245 | _aSwimming against the tide: how disaster agencies build political resilience | ||
| 260 | _c2017 | ||
| 300 | _ap.539-547. | ||
| 362 | _aJun | ||
| 650 | _aPoliticians | ||
| 650 | _aLeadership | ||
| 650 | _aDisaster prevention | ||
| 700 | _aMcLean, Hamish | ||
| 773 | _aInternational Journal of Public Administration | ||
| 909 | _a115343 | ||
| 999 |
_c115337 _d115337 |
||